[Event "Porto district-ch U20"]
[Site "Porto"]
[Date "2006.03.02"]
[Round "6"]
[White "Machado, Luis"]
[Black "Albuquerque, Bruno Daniel Abreu"]
[Result "1-0"]
[WhiteElo "2078"]
[BlackElo "1778"]
[PlyCount "47"]
[EventDate "2006.02.25"]
[EventType "tourn"]
[EventRounds "9"]
[EventCountry "POR"]
[SourceTitle "EXT 2008"]
[Source "ChessBase"]
[SourceDate "2007.11.25"]
[SourceVersion "1"]
[SourceVersionDate "2007.11.25"]
[SourceQuality "1"]

1. d4 d5 2. c4 e6 3. Nc3 g6 4. g3 Bg7 5. Nf3 Nf6 6. Bg2 0-0 7. 0-0 b6 8. Bg5 dxc4 9. Ne5 h6 10. Bxf6 Bxf6 11. Bxa8 Bxe5 12. dxe5 c6 13. Qa4 Qc7 14. Qxc4 Bd7 15. Rad1 a5 16. Rd6 Rc8 17. Qf4 h5 18. Qh6 Be8 19. Ne4 f6 20. Nxf6+ Kf7 21. Qh7+ Kf8 22. Qg8+ Ke7 23. Rxe6+ Kd8 24. Qxe8# 1-0

[Event "Porto district-ch U20"]
[Site "Porto"]
[Date "2004.02.25"]
[Round "5"]
[White "Figueiredo, Pedro Jose"]
[Black "Albuquerque, Bruno Daniel Abreu"]
[Result "1-0"]
[WhiteElo "1630"]
[BlackElo "1392"]
[PlyCount "75"]
[EventDate "2004.02.??"]
[EventType "tourn"]
[EventRounds "5"]
[EventCountry "POR"]
[SourceTitle "EXT 2005"]
[Source "ChessBase"]
[SourceDate "2004.11.15"]
[SourceVersion "1"]
[SourceVersionDate "2004.11.15"]
[SourceQuality "1"]

1. e4 e5 2. Nf3 Nc6 3. Bc4 Bc5 4. c3 Nf6 5. d4 Bd6 6. dxe5 Nxe5 7. Nxe5 Bxe5 8. f4 Bd6 9. e5 Qe7 10. 0-0 Bc5+ 11. Kh1 Ne4 12. Qf3 b5 13. Qxe4 Rb8 14. Bd5 c6 15. Bb3 0-0 16. Bc2 g6 17. f5 d6 18. f6 Qe6 19. Qf4 dxe5 20. Qh6 Qxf6 21. Rxf6 Be6 22. Nd2 Bd5 23. Be4 Rfd8 24. Rf1 f5 25. Bxd5+ Rxd5 26. Nf3 Rbd8 27. Bg5 R8d6 28. Be7 Rd8 29. Bxd8 Rxd8 30. Ng5 Rd7 31. Rad1 Bd4 32. cxd4 e4 33. d5 c5 34. Ne6 Rf7 35. d6 e3 36. d7 e2 37. d8Q+ Rf8 38. Qdxf8# 1-0

[Event "Porto district-ch U20"]
[Site "Porto"]
[Date "2004.02.24"]
[Round "4"]
[White "Albuquerque, Bruno Daniel Abreu"]
[Black "Quinta, Daniel"]
[Result "0-1"]
[WhiteElo "1392"]
[BlackElo "1946"]
[PlyCount "84"]
[EventDate "2004.02.??"]
[EventType "tourn"]
[EventRounds "5"]
[EventCountry "POR"]
[SourceTitle "EXT 2005"]
[Source "ChessBase"]
[SourceDate "2004.11.15"]
[SourceVersion "1"]
[SourceVersionDate "2004.11.15"]
[SourceQuality "1"]

1. d4 d5 2. Nc3 c6 3. Nf3 Nf6 4. Bg5 Ne4 5. e3 Qa5 6. Qd3 b6 7. a3 Ba6 8. b4 Bxd3 9. bxa5 Bxf1 10. Nxe4 Bxg2 11. axb6 axb6 12. Ng3 Bxf3 13. 0-0 Nd7 14. a4 f6 15. Bf4 e5 16. Nh5 Bxh5 17. dxe5 fxe5 18. Bg3 Bc5 19. c3 0-0 20. Rfe1 e4 21. Rec1 Rf6 22. Ra2 Bd6 23. Rca1 Bxg3 24. hxg3 Bf3 25. Kf1 Rh6 26. Ke1 Rh1+ 27. Kd2 Rxa1 28. Rxa1 Nc5 29. Ke1 Rxa4 30. Rb1 Nd3+ 31. Kf1 b5 32. Kg1 Ra3 33. g4 Rxc3 34. Kh2 Rc1 35. Rb3 b4 36. Kg3 Kf7 37. g5 Kg6 38. Kh4 Kf5 39. Kg3 Kxg5 40. Kh3 h5 41. Rxd3 Rh1+ 42. Kg3 h4# 0-1

[Event "Porto district-ch U20"]
[Site "Porto"]
[Date "2004.02.23"]
[Round "3"]
[White "Carvalho, Joel"]
[Black "Albuquerque, Bruno Daniel Abreu"]
[Result "1/2-1/2"]
[WhiteElo "1326"]
[BlackElo "1392"]
[PlyCount "175"]
[EventDate "2004.02.??"]
[EventType "tourn"]
[EventRounds "5"]
[EventCountry "POR"]
[SourceTitle "EXT 2005"]
[Source "ChessBase"]
[SourceDate "2004.11.15"]
[SourceVersion "1"]
[SourceVersionDate "2004.11.15"]
[SourceQuality "1"]

1. e4 e5 2. Nf3 Nc6 3. Bb5 Nge7 4. d3 h6 5. Bc4 a6 6. Nc3 Ng6 7. 0-0 Bb4 8. Nd5 b5 9. Bb3 d6 10. Nxb4 Nxb4 11. a3 Nc6 12. Bd5 Qd7 13. d4 0-0 14. b4 Bb7 15. Bb2 Qe8 16. Bxc6 Bxc6 17. d5 Bd7 18. Nd2 Qc8 19. c4 c6 20. Rc1 Qb7 21. cxb5 cxb5 22. Nb3 Rac8 23. Qe2 Nf4 24. Qe3 Rxc1 25. Rxc1 Rc8 26. g3 Rxc1+ 27. Bxc1 Nh3+ 28. Kg2 Ng5 29. h4 Nh7 30. Na5 Qc8 31. Bd2 Bh3+ 32. Kh2 Nf6 33. f3 Bg4 34. Nc6 Qc7 35. Kg2 Bc8 36. Qc3 Bb7 37. Be3 Qd7 38. Bb6 g6 39. Nb8 Qc8 40. Nc6 Kh7 41. Qb3 Nd7 42. Be3 h5 43. Bc1 Nb6 44. Qe3 Bxc6 45. Qh6+ Kg8 46. dxc6 Qxc6 47. Qd2 d5 48. exd5 Qxd5 49. Qxd5 Nxd5 50. Kf2 f5 51. Bb2 e4 52. fxe4 fxe4 53. Be5 Kf7 54. Bd4 Ke6 55. Bg7 Kf5 56. Bd4 Kg4 57. Be5 g5 58. hxg5 Kxg5 59. Bg7 Kg4 60. Be5 h4 61. gxh4 Kxh4 62. Bd4 Kg4 63. Be5 Kf5 64. Bb2 e3+ 65. Kf3 Ke6 66. Bd4 Kf5 67. Bxe3 Nxe3 68. Kxe3 Ke5 69. Kd3 Kd5 70. Kd2 Kd4 71. Kc2 Kc4 72. Kb2 Kd4 73. Kc2 Kc4 74. Kb2 Kd3 75. Kb3 Kd4 76. Kb2 Kc4 77. Kc2 Kd4 78. Kb2 Kd3 79. Kb3 Kd2 80. Kb2 Kd1 81. Kb3 Kc1 82. Kc3 Kb1 83. Kb3 Ka1 84. a4 bxa4+ 85. Kxa4 Ka2 86. Ka5 Ka3 87. Kb6 Kxb4 88. Kxa6 1/2-1/2